000 00455nam a22001577a 4500
005 20251108171137.0
008 250721s9999 xx 000 0 ara d
082 1 4 _aط/529/إن
245 1 0 _aإن سألتني عن النهار /
264 1 _aبيروت :
_bالمكتبة الشرقية،
_c[19-].
300 _a12ص
490 0 _aالكتاب المفيد للصغار
650 1 7 _aالليل والنهار
942 _2ddc
_cBK
999 _c57716
_d57716